Statistiques concernant Focus sur: Thranduil Vertefeuille - Tolkien

Cliquez ici pour prendre le quiz!

Statistiques générales

  • Ce quiz a été pris 50 fois
  • Le résultat moyen est 9 sur 12

Statistiques - réponses

Informations recherchéesRéponses% Correct
EspèceElfe
100%
Couleur des cheveuxDoré
98%
Profession et titreRoi des elfes sylvains
98%
Ages durant lequel il vécutDeuxième/Troisième/Quatrième
95%
FilsLegolas
95%
Première apparitionLe Hobbit
95%
ForêtForêt de Grand'Peur
88%
RoyaumeRoyaume Sylvestre
74%
Groupe de l'espèceSindar
67%
Acteur l'interprétant dans les filmsLee Pace
33%
PèreOropher
31%
EpouseEvranï
19%

Distribution des résultats

Percentile par nombre de réponses

% des personnes avec chaque résultat

Votre développement - résultats

Vous n’avez pas pris ce quiz